| 000 | 00433cam a22001451 4500 | ||
|---|---|---|---|
| 082 |
_a355.45 _bHAR _cD. |
||
| 100 | 2 | _aLiddell Hart, Basil Henry, | |
| 245 | 1 | 0 |
_aDynamic defence, _cby Liddell Hart. |
| 260 |
_aLondon, _bFaber and Faber _c[1940] |
||
| 300 |
_a64 p. _c19 cm. |
||
| 500 | _a"First published in November MCMXL." | ||
| 526 |
_a0 _b0 _c0 _d355_450000000000000_HAR |
||
| 650 | 0 |
_aWorld War, 1939-1945 _928174 |
|
| 942 |
_2ddc _cBK |
||
| 999 |
_c552348 _d552348 |
||